| 000 | 01034nas a2200361 4500 | ||
|---|---|---|---|
| 001 | BR0500837 | ||
| 003 | BR-BrBNA | ||
| 005 | 20231205105207.0 | ||
| 007 | ta | ||
| 008 | 230509b bl.|||p| |||| 00| 00por d | ||
| 040 |
_aBR-BrBNA _bpor _cBiblioteca Nacional de Agricultura |
||
| 041 | _a(Pt) | ||
| 072 | _aF02 | ||
| 100 | 1 | _aArruda, A. da S. | |
| 100 | 1 | _aDamião Filho, C.F. | |
| 100 | 1 | _aSpini, V.B.M.G. | |
| 100 | 1 | _aSousa, C.S. de | |
| 100 | 1 | _aMarchizeli, S.F.B. | |
| 100 | 1 | _aGomes, J.E. | |
| 245 | 1 | _aEfeitos do benomyl e da kasugamicina na produção da batata doce micropropagada | |
| 650 | _aBATATA DOCE | ||
| 650 | _aFUNGICIDA | ||
| 650 | _aANTIBIÓTICO | ||
| 650 | _aMUDA | ||
| 650 | _aMICROPROPAGAÇÃO | ||
| 650 | _aCULTURA IN VITRO | ||
| 650 | _aEXPLANTE | ||
| 650 | _aPRODUÇÃO VEGETAL | ||
| 650 | _aSÃO PAULO | ||
| 773 | 0 |
_tBioscience Journal (Brazil) _xISSN 1516-3725 _g(May-Aug 2003), v. 19(2) p. 99-103 _wBR0500837 |
|
| 909 |
_a202311 _bLúcia _c55 _dLúcia Elande |
||
| 942 |
_2AGRIS _n0 _cANA |
||
| 999 |
_c181698 _d181698 |
||